UBT Library

LYING IN A HISTORY OF CHILDBIRTH IN AMERICA (Record no. 60542)

000 -LEADER
fixed length control field 00335nam a22001457a 4500
008 - FIXED-LENGTH DATA ELEMENTS--GENERAL INFORMATION
fixed length control field 231127b ||||| |||| 00| 0 eng d
020 ## - INTERNATIONAL STANDARD BOOK NUMBER
International Standard Book Number 0300040873
041 ## - LANGUAGE CODE
Language code of text/sound track or separate title eng
080 ## - UNIVERSAL DECIMAL CLASSIFICATION NUMBER
Universal Decimal Classification number 618
082 ## - DEWEY DECIMAL CLASSIFICATION NUMBER
Classification number 618WER
100 ## - Rafti
Rafti 14
101 ## - Shkurtesa
Shkurtesa GJINE
245 ## - TITLE STATEMENT
Title LYING IN A HISTORY OF CHILDBIRTH IN AMERICA
Statement of responsibility, etc WERTZ .W.R
942 ## - ADDED ENTRY ELEMENTS (KOHA)
Source of classification or shelving scheme
Item type Books
Holdings
Withdrawn status Lost status Source of classification or shelving scheme Damaged status Not for loan Collection code Permanent location Current location Date acquired Total Checkouts Full call number Barcode Date last seen Price effective from Koha item type
          Koleksioni i përgjithshem UBT - Lipjan UBT - Lipjan 11/27/2023   618WER 002-800070500 11/27/2023 11/27/2023 Books
UBT Library © 2015-2024. All rights reserved University Education for Business and Technology